00986nam a2200325 i 450000100060000000300100000600500170001600700030003300800410003602000180007702000150009504000350011004100130014504300120015808400110017010000400018124500720022125000220029326400470031530000250036233600270038733700330041433800280044752100420047553400220051765000230053965000270056265000410058970000300063057035CO-BoRNBP20250815164113.0ta231006s2020 ck ||jr|||| 000 0bspa d a9789584286451 a9584286455 aCO-BoRNBPbspaerdacCO-BoRNBP1 aspahswe ae-sw--- aN HAN31 aHansson, Lena Teresad1955-eautora10aUna vida sin principiocLena Hansson ; traducción de Ana Valdés aPrimera edición aBogotá, ColombiabPlaneta Colombiac2020 a374 páginasc23 cm atextobtxt2rdacontent asin mediaciónbn2rdamedia avolumenbnc2rdacarrier aRecomendado para un público adulto  tEtt utan bôrgan17aNovela sueca2LEMB17aLiteratura sueca2LEMB17aVida familiar en la literatura2LEMB1 aValdés, Anaetraductora